Question Bank Mathematics CBSE , Class-10th , Term -1 (Record no. 11846)

MARC details
000 -LEADER
fixed length control field 00372nam a22001337a 4500
008 - FIXED-LENGTH DATA ELEMENTS--GENERAL INFORMATION
fixed length control field 211025b ||||| |||| 00| 0 eng d
020 ## - INTERNATIONAL STANDARD BOOK NUMBER
International Standard Book Number 9789355011725
050 ## - LIBRARY OF CONGRESS CALL NUMBER
Classification number 510
Item number 1
100 ## - MAIN ENTRY--PERSONAL NAME
Personal name Sharma Bhagwat Swarup
9 (RLIN) 7515
245 ## - TITLE STATEMENT
Title Question Bank Mathematics CBSE , Class-10th , Term -1
260 ## - PUBLICATION, DISTRIBUTION, ETC. (IMPRINT)
Place of publication, distribution, etc. New Delhi
Name of publisher, distributor, etc. S Chand School Books
Date of publication, distribution, etc. 2022
300 ## - PHYSICAL DESCRIPTION
Extent 1
942 ## - ADDED ENTRY ELEMENTS (KOHA)
Source of classification or shelving scheme Dewey Decimal Classification
Koha item type BOOK
Holdings
Withdrawn status Lost status Source of classification or shelving scheme Damaged status Not for loan Home library Current library Shelving location Date acquired Full call number Barcode Date last seen Price effective from Koha item type
    Dewey Decimal Classification     Good Samaritan School Library Good Samaritan School Library Mathematics 10/25/2021 510 SHA17063 10/25/2021 10/25/2021 BOOK

Powered by Koha